000 00732nam a2200253 i 4500
003 DO-SdBNP
005 20260306123514.0
007 ta
008 260406s1989 dr 000 spa d
040 _aDO-SdBNP
_bspa
_cBNPHU
_erda
041 _aspa
082 _axxx
_bR426L
_222
110 1 _aRepública Dominicana.
_bPoder Judicial
_9447
240 1 0 _aLeyes, etc.
245 0 _aLey de organización judicial y legislación complementaria.
264 _aSanto Domingo :
_bEditorial Tiempo,
_c1989
300 _a197 páginas
_c21 cm.
336 _2rdacontent
_atexto
_btxt
337 _2rdamedia
_asin medición
_bn
338 _2rdacarrier
_avolumen
_bnc
590 _aInventariado, 2026/DG
910 _aDG
942 _2ddc
_cLBS1
999 _c60459
_d60459